|
|
|
|
| LEADER |
01067nam a2200337 4500 |
| 001 |
DLU090096761 |
| 005 |
##20091201 |
| 040 |
# |
# |
|a DLU
|b eng
|
| 041 |
# |
# |
|a eng
|
| 044 |
# |
# |
|a us
|
| 245 |
# |
# |
|a Synergistic pseudo-hydroxide extraction : Synergism and anion selectivity in sodium extraction using a crown ether and a series of weak lipophilic acids /
|c Tatiana G. Levitskaia ... [et al.].
|
| 653 |
# |
# |
|a Crown compound
|
| 653 |
# |
# |
|a Ether
|
| 653 |
# |
# |
|a Ion pair
|
| 653 |
# |
# |
|a Lipophilic compound
|
| 653 |
# |
# |
|a Sodium hydroxide
|
| 653 |
# |
# |
|a Weak acids
|
| 700 |
# |
# |
|a Bonnesen, Peter V.
|
| 700 |
# |
# |
|a Chambliss, C. Kevin.
|
| 700 |
# |
# |
|a Levitskaia, Tatiana G.
|
| 700 |
# |
# |
|a Moyer, Bruce A.
|
| 773 |
# |
# |
|t Analytical Chemistry
|g Vol. 75, no. 3 (February 2003), p. 405-412
|
| 920 |
# |
# |
|a Phòng Tạp chí -- Trung tâm Thông tin - Thư viện Trường Đại học Đà Lạt
|
| 994 |
# |
# |
|a DLU
|
| 900 |
# |
# |
|a True
|
| 911 |
# |
# |
|a Trương Bảo Trâm Anh
|
| 925 |
# |
# |
|a G
|
| 926 |
# |
# |
|a A
|
| 927 |
# |
# |
|a BB
|
| 980 |
# |
# |
|a Thư viện Trường Đại học Đà Lạt
|